| 000 | 00799nas a2200265 4500 | ||
|---|---|---|---|
| 001 | BR0900166 | ||
| 003 | BR-BrBNA | ||
| 005 | 20231205113003.0 | ||
| 007 | ta | ||
| 008 | 230509b bl.|||p| |||| 00| 00por d | ||
| 040 |
_aBR-BrBNA _bpor _cBiblioteca Nacional de Agricultura |
||
| 041 | _a(Pt) | ||
| 072 | _aF04 | ||
| 100 | 1 | _aFioretto, R.A. | |
| 100 | 1 | _aSantos, J.R. | |
| 100 | 1 | _aBicudo, S.J. | |
| 245 | 1 | _aManipuera na fertirrigação: efeito sobre a produção de mandioca (manihota esculenta Crantz) | |
| 650 | _aMANDIOCA | ||
| 650 | _aFERTILIZANTE | ||
| 650 | _aIRRIGAÇÃO | ||
| 650 | _aPRODUÇÃO | ||
| 773 | 0 |
_tRevista Brasileira de Mandioca (Brazil) _xISSN 0101-563X _g(1997), v. 16(2) p. 149-156 _wBR0900166 |
|
| 909 |
_a202311 _bLúcia _c55 _dLúcia Elande |
||
| 942 |
_2AGRIS _n0 _cANA |
||
| 999 |
_c201184 _d201184 |
||